[Event "FRA-chT1 0910"]
[Site "France"]
[Date "2009.11.22"]
[Round "5.6"]
[White "Lamorelle, Julien"]
[Black "Vedel, Nicolas"]
[Result "1-0"]
[WhiteElo "2221"]
[BlackElo "1896"]
[PlyCount "37"]
[EventDate "2009.09.27"]
[EventType "team-tourn"]
[EventRounds "11"]
[EventCountry "FRA"]
[SourceTitle "EXT 2011"]
[Source "ChessBase"]
[SourceDate "2010.11.26"]
[SourceVersion "1"]
[SourceVersionDate "2010.11.26"]
[SourceQuality "1"]

1. e4 c5 2. Nf3 d6 3. d4 cxd4 4. Nxd4 Nf6 5. Nc3 g6 6. Be3 Bg7 7. f3 Nc6 8. Qd2 0-0 9. 0-0-0 d5 10. Kb1 dxe4 11. Nxc6 Qxd2 12. Nxe7+ Kh8 13. Rxd2 exf3 14. Nxc8 Rfxc8 15. gxf3 Re8 16. Bg5 a6 17. Bc4 Kg8 18. Nd5 Nxd5 19. Bxd5 1-0